Statistics for History True or False

Click here to take the quiz!

General Stats

  • This quiz has been taken 25 times
  • The average score is 6 of 10

Answer Stats

QuestionAnswer% Correct
Alaska was given to the USA as a peace offering after the Cold War!False
90%
Early Antarctic expeditions had no need to hunt because whenever they lit a fire the penguins would jump into it!False
81%
The Sandwich is named after an earl who wanted to eat meat without getting his hands dirty!True
81%
Italy come from the Latin word Italinus which means "Boot"False
76%
The Murderer of John Lennon was a huge Beatles Fan!True
71%
Brutus thought he would be a hero for the murder of Julius CaesarTrue
62%
During the Opium War the Chinese set monkeys on fire to use as weapons against the British!True
57%
The Romans would Consult Chickens before going into battleTrue
57%
Marie Antoinette begged for her French Poodle to be executed with her so he was not lonley!False
52%
Benedict Arnold's step-mother encouraged his treasonFalse
19%

Score Distribution

Percentile by Number Answered

Percent of People with Each Score

Your Score History

You have not taken this quiz